Normal view
MARC view
- المقدادي ، عادل علي
Entry Personal Name
001 - CONTROL NUMBER
- control field: 25428
003 - CONTROL NUMBER IDENTIFIER
- control field: JO-AjAnu
005 - DATE AND TIME OF LATEST TRANSACTION
- control field: 20230606074338.0
008 - FIXED-LENGTH DATA ELEMENTS
- fixed length control field: 230606|| aca||aabn | a|a d
040 ## - CATALOGING SOURCE
- Original cataloging agency: JO-AjAnu
- Transcribing agency: JO-AjAnu
100 ## - HEADING--PERSONAL NAME
- Personal name: المقدادي ، عادل علي
670 ## - SOURCE DATA FOUND
- Source citation: Work cat.: (JO-AjAnu)13077: المقدادي ، عادل علي , author, القانون البحري : السفينة ، أشخاص الملاحة ، النقل البحري ، البيوع البحرية ، الحوادث البحرية ، التأمين البحري